000
00305nam a2200121Ia 4500
008
191201s2019 xx 000 0 und d
100
_a
Dasgupta,Tarun K.
245
0
_a
GATE a key to success Pharmacy
260
_b
AITBS Pub.
_a
New Delhi
_c
2019
300
_a
276
650
_a
Miscellaneous
942
_2
ddc
_c
BK
999
_c
8403
_d
8403